| 000 | 00885nam a22002657a 4500 | ||
|---|---|---|---|
| 001 | 32425 | ||
| 003 | UA-OsUOA | ||
| 005 | 20220527141523.0 | ||
| 007 | ta | ||
| 008 | 20050201b un ||||| |||| 00| 0 ukr d | ||
| 040 |
_aUA-OsUOA _brus _cUA-OsUOA _dUA-OsUOA |
||
| 041 | _arus | ||
| 044 | _aRU | ||
| 080 | _a821.112.2 | ||
| 090 |
_a821.112.2 _bБ87 |
||
| 100 | _aБрант С. | ||
| 245 |
_aКорабль дураков. Похвала глупости. Навозник гонится за орлом. Письма темных людей. Диалоги _cвступ. ст. Б. Пуришева |
||
| 260 |
_aМосква _bХудожественная литература _c1971 |
||
| 300 |
_a768 с. _bІлюстрації |
||
| 650 | 7 | _2UDC | |
| 700 | 1 |
_aРоттердамский Э. _eавт. |
|
| 700 | 1 |
_aГуттен У. ф _eавт. |
|
| 942 |
_cBK _2udc |
||
| 955 | _a0 | ||
| 999 |
_c318868 _d318868 |
||